MARC details
| 000 -LEADER |
| campo de control de longitud fija |
01565cac a2200241 a 4500 |
| 003 - IDENTIFICADOR DE NÚMERO DE CONTROL |
| campo de control |
Co-PeBPM |
| 005 - FECHA Y HORA DE LA ÚLTIMA TRANSACCIÓN |
| campo de control |
20241121161842.0 |
| 008 - DATOS DE LONGITUD FIJA--INFORMACIÓN GENERAL |
| campo de control de longitud fija |
231129e1999||||xx ad|||||||||||| ||spa|| |
| 020 ## - NÚMERO INTERNACIONAL ESTÁNDAR DEL LIBRO |
| Número Internacional Estándar del Libro |
848322108X |
| 040 0# - FUENTE DE CATALOGACIÓN |
| Centro catalogador/agencia de origen |
Co-PeBPM |
| Lengua de catalogación |
spa |
| Centro/agencia transcriptor |
Co-PeBPM |
| Normas de descripción |
rda |
| 041 0# - CÓDIGO DE IDIOMA |
| Código de lengua del texto/banda sonora o título independiente |
spa |
| 082 04 - NÚMERO DE LA CLASIFICACIÓN DECIMAL DEWEY |
| Número de clasificación |
004.6 H622r |
| 100 1# - ENTRADA PRINCIPAL--NOMBRE DE PERSONA |
| Nombre de persona |
Heywood, Drew |
| Término indicativo de función/relación |
autor |
| 245 10 - MENCIÓN DEL TÍTULO |
| Título |
Redes con Microsoft TCP/IP |
| Mención de responsabilidad, etc. |
/ Drew Heywood |
| 250 ## - MENCION DE EDICION |
| Mención de edición |
Tercera edición |
| 260 ## - PUBLICACIÓN, DISTRIBUCIÓN, ETC. |
| Lugar de publicación, distribución, etc. |
Madrid, España |
| Nombre del editor, distribuidor, etc. |
: Prentice Hall |
| Fecha de publicación, distribución, etc. |
, 1999 |
| 300 ## - DESCRIPCIÓN FÍSICA |
| Extensión |
xx, 806 páginas |
| Otras características físicas |
: ilustraciones, gráficas |
| Dimensiones |
; 24 centímetros |
| 505 ## - NOTA DE CONTENIDO CON FORMATO |
| Nota de contenido con formato |
Parte I: Conceptos sobre TCP/IP. 1. Introducción a TCP/IP. 2. Arquitectura TCP/IP. 3. La capa de acceso a la red. 4. La capa de interred. 5. La capa de host a host. 6. La capa de proceso/aplicación. -- Parte II: Implementando Microsoft TCP/IP. 7. Introducción a Microsoft TCP/IP. 8. Instalación de TCP/IP en computadoras Windows NT. 9. Fundamentos de encaminamiento. 10. Administración de DHCP. 11. Nombres de host en el entorno Microsoft TCP/IP. 12.Administración de Wins. 13. Administración del servidor DNS de Microsoft. 14. Instalación de TCP/IP en clientes Microsoft. 15. Administración de TCP/IP con SNMP. 16. Resolución de problemas. 17. Conexión segura a Internet. 18. encadenamiento y Servidor de Acceso Remoto. 19. Correo electrónico y Microsoft Exchange Server. 20. Internet Information Server. 21. Microsoft proxy Server. |
| 650 14 - PUNTO DE ACCESO ADICIONAL DE MATERIA--TÉRMINO DE MATERIA |
| Fuente del encabezamiento o término |
LEMB |
| Término de materia o nombre geográfico como elemento de entrada |
TCP/IP |
| 650 14 - PUNTO DE ACCESO ADICIONAL DE MATERIA--TÉRMINO DE MATERIA |
| Fuente del encabezamiento o término |
LEMB |
| Término de materia o nombre geográfico como elemento de entrada |
REDES |
| 650 14 - PUNTO DE ACCESO ADICIONAL DE MATERIA--TÉRMINO DE MATERIA |
| Fuente del encabezamiento o término |
LEMB |
| Término de materia o nombre geográfico como elemento de entrada |
TELECOMUNICACIONES |
| 942 ## - ELEMENTOS DE ENTRADA SECUNDARIOS (KOHA) |
| Fuente del sistema de clasificación o colocación |
Clasificación Decimal Dewey |
| Tipo de ítem Koha |
Libros |